00795nam a22002417a 450000500170000001000110001702000100002803500110003803700160004904000120006508200160007724500790009326000370017227000260020930000280023565000310026365000330029470000270032770000220035494200250037699900190040195201330042020170124110042.0 a841221 c00.00 a841221 bCen Lib/Ret aDPLbEN a881.08bCHA aThe charm of poetry /cedited by J.D. Bevington; illustrated by D. Wilson  aLondon bGinn and Company c1949 aqueen squarebLondon  axxviii, 316p.c17cm(Hb) aEnglish literature 923866 aAttributes of poetry 923867 aBevington, J.D.923864 aWilson, D.923865 2ddccENh881.08mCHA c128595d128595 00104070aLbLd2015-07-03eCen Lib/Retg0.00l1o881.08 CHAp841221r2017-05-18 00:00:00s2017-05-06t1v0.00w2015-07-03yEN